Responses for show #5392 - Tuesday, February 5, 2008

Contestants

Babatope Ogunmola, a sample specialist originally from Buffalo, New York

Adrienne Horrigan, a librarian from Chicago, Illinois

Jennah Durant, a public affairs specialist from Dallas, Texas (whose 2-day cash winnings total $38,700)

Jeopardy! Round responses

NONFICTION PEOPLE
WHAT A WEEK
THE SILVER SCREEN
ENGLAND, SCOTLAND OR WALES
THE TITANIC
"TOO" MUCH
    $200 16
Richard Nixon

Adrienne
    $200 21
libraries

Jennah
    $200 1
Psycho

Jennah
    $200 26
England

Jennah
    $200 6
(Alex: Yes, she was just 10 weeks old.)

the youngest person

Adrienne
    $200 11
tooth

Adrienne
    $400 17
(Jennah: Who is Darwin?)

George Washington Carver

Jennah
Triple Stumper
    $400 22
(Babatope: What is rush week...or [*]?)

hell week

Babatope
    $400 2
Judi Dench

Babatope
    $400 27
(Adrienne: What is England?)

Scotland

AdrienneBabatope
    $400 7
(Jennah: What is waterproof?)
...
(Alex: In fact, the U.S. Senate inquiry mentioned that word in regard to the compartments, not waterproof.)

watertight

Jennah
Triple Stumper
    $400 12
a tattoo

Adrienne
    $1,000 18
(James) Cook

Adrienne
    $600 23
the Sputnik launch

Jennah
    $600 3
Barbra Streisand

Jennah
    $600 28
Wales

Jennah
    $600 8
lifejackets

Jennah
    $600 13
(Babatope: I just draw a blank!)

a stoop

JennahBabatope
    $800 19
Joseph Smith

Jennah
    $800 24
China

Jennah
    $800 4
Hannibal Lecter

Adrienne
    $800 29
(Adrienne: What is England?)
(Babatope: What is Wales?)

Scotland

JennahAdrienneBabatope
    $800 9
anchors

Jennah
    $800 14
pontoons

Jennah
    $1000 20
Napoleon

Babatope
    $1000 25
Fleet Week

Jennah
    $1000 5
(Babatope: What is Red Dawn?)

Red Heat

Babatope
Triple Stumper
    $1000 30
(Jennah: What is England?)

Wales

JennahBabatope
    $1000 10
the bridge

Jennah
    $1000 15
festoon

Adrienne

Scores at the first commercial break (after clue 15):

Jennah Adrienne Babatope
$4,200 $2,600 -$1,200

Scores at the end of the Jeopardy! Round:

Jennah Adrienne Babatope
$7,800 $2,600 $800

Double Jeopardy! Round responses

HISPANIC HISTORY
THE LAST POPE OF THIS NAME
"IBLE"S & BITS
SCIENCE GUYS
FUNNY FOR NOTHIN'
CHICKENS FOR FREE
    $400 16
Venezuela

Jennah
    $400 19
John

Jennah
    $400 6
(Babatope: What is scribble?)

legible

AdrienneBabatope
    $400 11
(Charles) Darwin

Jennah
    $400 22
Jon Stewart

Jennah
    $400 1
Colonel Sanders

Babatope
    $800 17
Florida

Triple Stumper
    $800 20
(Jennah: What is Pius?)

Paul

Jennah
Triple Stumper
    $800 7
gullible

Babatope
    $800 12
Galileo

Babatope
    $800 23
Kobe Bryant

Babatope
    $800 2
the eggs

Babatope
    $1200 18
(Jennah: What is the Gila?)

the Colorado

Jennah
Triple Stumper
    $1200 21
Leo

Adrienne
    $1200 8
mandible

Babatope
    $1200 13
(Adrienne: Who is Tycho Brahe?)

(Niels) Bohr

AdrienneBabatope
    $1200 24
Bart Simpson

Babatope
    $1200 3
a la king

Jennah
    $1600 30
El Supremo

Triple Stumper
    $3,000 27
Pius

Jennah
    $1600 9
(Adrienne: What is indelible?)

indestructible

Adrienne
Triple Stumper
    $1600 14
Mendeleev

Jennah
    $1600 25
Steven Wright

Babatope
    $1600 4
chicken Kiev

Adrienne
    $2000 29
(Jennah: Who is Maximilian?)

General Antonio Lopez de Santa Ana

Jennah
Triple Stumper
    $2000 28
Gregory

Jennah
    $2000 10
The Crucible

Jennah
    $3,000 15
(Jennah: Who is Curie?)
(Alex: No, "swung" was an important word in the clue. The pendulum of [*].)

Jean Foucault

Jennah
    $2000 26
Eddie Izzard

Jennah
    $2000 5
chicken Tetrazzini

Triple Stumper

Scores at the end of the Double Jeopardy! Round:

Jennah Adrienne Babatope
$14,200 $3,000 $9,200

[wagering suggestions for these scores]

Final Jeopardy! Round responses

19th CENTURY POLITICIANS
AdrienneWho is Mason?
$2,000
BabatopeWho is Seward?
$800
JennahWho is H. Clay?
$6,000
Stephen Douglas

Final scores:

Jennah Adrienne Babatope
$8,200 $1,000 $8,400
2nd place: $2,000 3rd place: $1,000 New champion: $8,400

Game dynamics:

Coryat scores:

Jennah Adrienne Babatope
$15,800 $2,600 $9,200
25 R
(including 1 DD),
7 W
(including 1 DD)
10 R
(including 1 DD),
4 W
14 R,
4 W

Combined Coryat: $27,600

The J! Archive is created by fans, for fans. The Jeopardy! game show and all elements thereof, including but not limited to copyright and trademark thereto, are the property of Jeopardy Productions, Inc. and are protected under law. This website is not affiliated with, sponsored by, or operated by Jeopardy Productions, Inc. Join the discussion at JBoard.tv.